Catálogo
 En Linea

La Réclusion solitaire / (Registro nro. 17722)

Detalles MARC
000 -CABECERA
campo de control de longitud fija 00607cam a2200217 a 4500
001 - NÚMERO DE CONTROL
campo de control 000018201
005 - FECHA Y HORA DE LA ÚLTIMA TRANSACCIÓN
campo de control 20200929165411.0
008 - DATOS DE LONGITUD FIJA--INFORMACIÓN GENERAL
campo de control de longitud fija 770812s1976 fr 000 f fre d
035 ## - NÚMERO DE CONTROL DEL SISTEMA
Número de control de sistema (DLC) 77467150
040 ## - FUENTE DE LA CATALOGACIÓN
Centro catalogador/agencia de origen DO-SdBNP
Centro/agencia transcriptor DLC
Centro/agencia modificador DLC
082 ## - NÚMERO DE LA CLASIFICACIÓN DECIMAL DEWEY
Número de clasificación 896.2
Número de documento/Ítem B456r
049 ## - FONDOS LOCALES (OCLC)
Fondos de biblioteca BNGR
100 1# - ENTRADA PRINCIPAL--NOMBRE DE PERSONA
Nombre de persona Ben Jelloun, Tahar,
Fechas asociadas al nombre 1944-
9 (RLIN) 12841
245 13 - MENCIÓN DE TÍTULO
Título La Réclusion solitaire /
Mención de responsabilidad, etc. Tahar Ben Jelloun.
260 ## - PUBLICACIÓN, DISTRIBUCIÓN, ETC.
Lugar de publicación, distribución, etc. París :
Nombre del editor, distribuidor, etc. Denoel,
Fecha de publicación, distribución, etc. 1976.
300 ## - DESCRIPCIÓN FÍSICA
Extensión 136 p. ;
Dimensiones 20 cm.
650 #4 - PUNTO DE ACCESO ADICIONAL DE MATERIA--TÉRMINO DE MATERIA
Término de materia o nombre geográfico como elemento de entrada Novela marroqui
9 (RLIN) 12842
650 #4 - PUNTO DE ACCESO ADICIONAL DE MATERIA--TÉRMINO DE MATERIA
Término de materia o nombre geográfico como elemento de entrada Literatura marroqui
9 (RLIN) 12843
910 ## - DATOS DE OPCIÓN DEL USUARIO (OCLC)
Datos de opción del usuario Catalogación por copia / LC
910 ## - DATOS DE OPCIÓN DEL USUARIO (OCLC)
Datos de opción del usuario WM
Existencias
Estado de retiro Estado de pérdida Restricciones de uso No para préstamo Código de colección Localización permanente Ubicación/localización actual Ubicación en estantería Fecha de adquisición Número de inventario Total de préstamos Signatura topográfica completa Código de barras Fecha visto por última vez Precio válido a partir de Tipo de ítem Koha
        Monografías: Libros y Folletos General General Depósito 20.04.2010 LF1   896.2 B456r 18201-10 25.06.2020 25.06.2020 Préstamo en sala

Con tecnología Koha